| 000 | 00734na a2200241 4500 | ||
|---|---|---|---|
| 001 | 24219 | ||
| 003 | MIRAKIL | ||
| 005 | 20181213155332.0 | ||
| 008 | 180702b tu 000 0 | ||
| 020 | _a9789758261000 | ||
| 040 |
_aMilas _btur _cTR-AnCHP |
||
| 041 | _atur | ||
| 082 |
_a320.9561 _bÖ92v 1998 |
||
| 090 | _a320.9561 Ö92v 1998 | ||
| 100 | _aÖzden, Yekta Güngör | ||
| 245 |
_aVicdanımızı yastık yapıp yatıyoruz _cYekta Güngör Özden; Hulki Cevizoğlu |
||
| 260 |
_aİstanbul _bBeyaz Yayınları _c1998 _fKurtiş Matbaacılık |
||
| 300 |
_a139 s. _c19 sm. |
||
| 440 |
_aBeyaz yayınları _v5 |
||
| 600 |
_aCevizoğlu, Hulki _vRöportajlar |
||
| 650 |
_aSiyaset ve yönetim _xTürkiye |
||
| 942 |
_2ddc _cBKS |
||
| 999 |
_c10740 _d10740 |
||